Rǧimen tributario especial para entidades sin ǹimo de lucro bajo el nuevo contexto fiscal ESAL

Detalles Bibliográficos
Autor principal: Plaza Guamanga, Luis Adelmo
Formato: eBook
Lenguaje:español
Publicado: Bogot:̀ Grupo Editorial Nueva Legislacin̤, 2019
Materias:
Acceso en línea:Acceso restringido

MARC

LEADER 00000nam a22000007a 4500
005 20191015224659.0
007 cr|||| |||
008 191015s2019 co |||||s|||| 00||0 spa d
020 |a 978-958-52024-5-0 
035 |a 30501 
040 |a vLex 
090 |c 9835  |d 9835 
100 1 |a Plaza Guamanga, Luis Adelmo 
245 1 0 |a Rǧimen tributario especial para entidades sin ǹimo de lucro bajo el nuevo contexto fiscal ESAL  |h [Recurso electrn̤ico] /  |c Luis Adelmo Plaza Guamanga 
256 |a Servicio en ln̕ea 
260 |a Bogot:̀  |b Grupo Editorial Nueva Legislacin̤,  |c 2019 
300 |a 1 recurso electrn̤ico 
506 1 |a Disponible solo en los productos indicados  |d vLex Global  |d vLex Global (Academic Edition, excluding Law Schools)  |d vLex Global (U.S. Academic Edition, Law Schools)  |d vLex Global (U.S. Academic Edition, excluding Law Schools)  |d vLex Global (Academic Edition, Law Schools) 
650 0 4 |a Derecho Tributario  |z Colombia 
740 0 |a vLex Libros (Servicio en ln̕ea) 
856 4 0 |u http://vlex.com/source/regimen-tributario-especial-entidades-animo-lucro-nuevo-contexto-fiscal-esal-30501  |z Acceso restringido 
942 |c BOOK 
999 0 |a Tax Law